| 000 | 00823cam a2200253 4500 | ||
|---|---|---|---|
| 999 |
_c104509 _d104509 |
||
| 001 | ##L130667 | ||
| 008 | 050823n2006 000 0 eng u | ||
| 020 | _a0199284466 | ||
| 035 | _a(Sirsi) u130667 | ||
| 041 | 0 | _aeng | |
| 050 | 0 | 4 | _a346.41066 $2 18 |
| 100 | 1 | _aLowry, John | |
| 245 | 0 | 0 | _aCompany law |
| 250 | _a3rd ed. | ||
| 260 |
_aOxford _bOxford University Press _c2006 |
||
| 300 |
_axxxv, 502p. _c22cm. |
||
| 350 | _a16.99 | ||
| 490 | 0 | _aCore Text Series | |
| 520 | _aA general undergraduate text, divided into three sections. Examines fundamental principles of company law, corporate matters including shares and shareholder rights; and corporate governance and director's duties. | ||
| 590 | _aIKA251005 | ||
| 690 | _aMANAGEMENT-BUSINESS MANAGEMENT | ||
| 700 | 1 | _aDignam, Alan | |
| 942 |
_n0 _2ddc |
||